Art works: drawing (Record no. 61318)

MARC details
000 -LEADER
fixed length control field 00245nam a2200097Ia 4500
008 - FIXED-LENGTH DATA ELEMENTS--GENERAL INFORMATION
fixed length control field 240321s9999 xx 000 0 und d
082 ## - DEWEY DECIMAL CLASSIFICATION NUMBER
Classification number 741.994
Item number WOO
100 ## - MAIN ENTRY--PERSONAL NAME
Author Name Woolley, Ken
245 #0 - TITLE STATEMENT
Title Art works: drawing
260 ## - PUBLICATION, DISTRIBUTION, ETC.
Name of publisher, distributor, etc. The Images Publishing Group
999 ## -
-- 61318
-- 61318
Holdings
Withdrawn status Weedout from Library Permanent Location Current Location Shelving location Date acquired Cost, normal purchase price Full call number Barcode Price effective from Koha item type
    NATIONAL COLLEGE OF ARTS, RAWALPINDI CAMPUS - LIBRARY NATIONAL COLLEGE OF ARTS, RAWALPINDI CAMPUS - LIBRARY   21/03/2024 2800.00 741.994 WOO RP004539 21/03/2024 Book